000 00205 a2200097 4500
001 17464
100 _aSpitzer F
245 _aPrinciples of random walk
260 _a
_bSpringer
_c
090 _c12905
_d12905
942 _aNUST-CAE
_cM
_c3231
999 _c252537
_d252537